Matemática: libro del docente

Guardat en:
Dades bibliogràfiques
Autors principals: Gysin, Liliana M (Autor), Fernández, Graciela I (Autor)
Format: Llibre
Idioma:espanyol
Publicat: Buenos Aires A-Z Editora 1999
Matèries:
Etiquetes: Afegir etiqueta
Sense etiquetes, Sigues el primer a etiquetar aquest registre!

MARC

LEADER 00000nam a2200000 a 4500
001 UCP6187
003 CL-VaPUC
008 991015e19990000AG |||||||||||||||||spa|d
082 0 4 |a 372.7  |b GYS  |2 21 
100 0 |a Gysin, Liliana M  |e author  |9 435113 
700 0 |a Fernández, Graciela I  |e author  |9 435114 
245 1 0 |a Matemática: libro del docente 
300 |a 46 p 
942 |c BK 
945 |d 19991015 00:00:00  |a rbrito 
260 |a Buenos Aires  |b A-Z Editora  |c 1999 
650 0 |a Matemáticas  |x Enseñanza  |9 875527 
650 0 |a Educación básica   |9 224933 
583 |a last modification  |c 19991015 00:00:00  |k Rodrigo Vera 
999 |c 283797  |d 283795 
952 |0 0  |1 0  |4 0  |6 372_700000000000000_GYS_1999  |7 0  |8 A  |9 327254  |a BIBEDU  |b BIBEDU  |d 2019-11-20  |i 3569802  |o 372.7 GYS 1999  |p 3569802  |r 2019-11-20  |w 2019-11-20  |y BK  |k EDU